000 01442nam2a2200337 4500
001 RU\NLR\DIGIT\35134
005 20250806203207.0
035 _a(NLR Aleph) 010123295
090 _a20248
_c20248
100 _a20250806 rusy50
101 0 _arus
102 _aRU
135 _acrbn 001aaaup
200 1 _a1941, № 115(1915) (18 мая)
210 _aХанты-Мансийск
_d1941
215 _a4 с.
325 _aStalinskaya_tribuna_1941_N115
325 _aКопия доступна в Электрон. б-ке РНБ http://vivaldi.nlr.ru/pn000006375/view
461 0 _1001RU\NLR\DIGIT\35024
_12001#$aСталинская Трибуна$eОрган Ханты-Мансийского окружного и Самаровского районного комитетов ВКП(б) и Ханты-Мансийского окружного Совета депутатов трудящихся$v1941, № 115(1915) (18 мая)
702 1 _aСкрипунов
_bГ.Н.
_4340
801 2 _aRU
_bNLR
_c20070626
_2rusmarc
852 _aNLR
_jР 2460, С 40142
856 0 _uhttp://vivaldi.nlr.ru/pn000006375/view
856 1 _uhttp://vivaldi.nlr.ru/pn000006375/cover
856 2 _uhttp://vivaldi.nlr.ru/pn000006375/text
942 _cISSNP
945 _aРоссийская национальная библиотека
980 _aNB
980 _aBV